01032nam a2200229 a 450000100100000000500170001000800410002702000150006804000250008310000370010824501570014526000950030230000210039749000210041850000730043970000460051271000850055883000280064304900090067195201050068099900170078500003390320200930070619.0110914s1986 es 000 0 spa d a8400062442 aDO-SdBNPbspacBNPHU1 aTusell, Javierd1945-200595934513aEl dictador y el mediador :blas relaciones hispanoinglesas durante la dictadura de Primo de Rivera /cJavier Tusell, Genoveva García Queipo de Llano. aMadrid :bCentro de Estudios Históricos,Departamento de Historia Contemporánea,c1986. a129 p. ;c22 cm.1 aMonografíasv3 aIncluye referencias bibliográficas y notas al pie de las páginas1 aGarcía Queipo de Llano, Genoveva9593461 aCentro de Estudios HistóricosbDepartamento de Historia Contemporánea959347 0aMonografíasv3915334 aBNPD 001050718MOaGRbGRcCTd2011-09-14iLF1l0o p33903-10r2020-06-25w2020-06-25y1ZNo se presta c33394d33394